KOHA-Header-6

Public Relations Writing Form & Style (Record no. 10115)

000 -LEADER
fixed length control field 00268nam a2200109Ia 4500
100 ## - MAIN ENTRY--AUTHOR NAME
Personal name Doug Newsom
245 #0 - TITLE STATEMENT
Title Public Relations Writing Form & Style
260 ## - PUBLICATION, DISTRIBUTION, ETC. (IMPRINT)
Place of publication India
Name of publisher S. Chand
Year of publication 2008
300 ## - PHYSICAL DESCRIPTION
Number of Pages 624
942 ## - ADDED ENTRY ELEMENTS (KOHA)
Koha item type Books
Holdings
Withdrawn status Lost status Collection code Permanent Location Current Location Shelving location Date acquired Full call number Accession Number Koha item type
    Management MAJU MAJU   2019-09-14 614.8 6221 Management

Powered by Koha